000 00783nam a2200205Ii 4500
003 JO-AjNU
008 230605s9999||||xx |||||||||||||| ||und||
040 _aJO-AjNU
_bara
_erda
_cJO-AjNU
041 _aara
050 1 4 _aBP144 2012
100 3 _aالإتقاني، قوام الدين أمير كاتب بن أمير عمر بن أمير غازي الفارابي ، تحقيق ودراسة صابر نصر مصطفى عثمان,
_eauthor
_943679
245 0 0 _aالتبيين، ج1
250 _aط2
264 3 1 _aالكويت: وزارة الاوقاف والشؤون الاسلامية، 2012
300 _aج1، 730ص
336 _atext
_btxt
_2rdacontent
337 _aunmediated
_bn
_2rdamedia
338 _avolume
_bnc
_2rdacarrier
650 4 _aفقه اسلامي
_943680
999 _aA18795
_c22363
_d22363